Score 0/12 Timer 05:00
2 Plays Today
Question Answer Wrong Answers
The Lord of the Rings The Hobbit
93.6%
The Fellowship of the Ring
1.2%
The Two Towers
2.2%
The Return of the King
2.9%
The Hunger Games The District
93.2%
The Hunger Games
1.8%
Catching Fire
2.1%
Mockingjay
2.1%
The trilogy of Jason Bourne books written by Robert Ludlum The Bourne Killers
90.4%
The Bourne Identity
1.2%
The Bourne Supremacy
2.3%
The Bourne Ultimatum
2.4%
The Divergent Series Detergent
89.6%
Divergent
1.4%
Insurgent
2.2%
Allegiant
4.1%
Stieg Larsson books of the Millennium Series The Girl with a Pearl Earring
80.5%
The Girl with the Dragon Tattoo
2.1%
The Girl Who Played with Fire
5.2%
The Girl Who Kicked the Hornets' Nest
10.9%
The Divine Comedy Rialto
78%
Inferno
5.1%
Purgatorio
8.5%
Paradiso
6.7%
The Eddie Dickens Trilogy A Series of Unfortunate Events
69.5%
Awful End
12.4%
Dreadful Acts
6.9%
Terrible Times
7.3%
The Border Trilogy Shane
53%
All the Pretty Horses
26.8%
The Crossing
7.2%
Cities of the Plain
8.8%
Little Women Great March
52.3%
Little Women
2.3%
Little Men
27.1%
Jo's Boys
15%
The House of Earth Imperial Woman
26.5%
The Good Earth
25.6%
Sons
33.6%
A House Divided
12%
The New York Trilogy The Big Apple
25%
City of Glass
12.9%
Ghosts
38.2%
The Locked Room
21.1%
The U.S.A. trilogy Absolute Power
22.5%
The 42nd Parallel
17.5%
The Big Money
24.3%
1919
32.3%

You're not logged in!

Compare scores with friends on all Sporcle quizzes.
OR
Log In

Sporcle TV

Today on Sporcle TV


Watch our educational content, quiz creation guides, and fun videos on Sporcle TV.

Show Comments

Extras

Top Quizzes Today


Score Distribution

Paid Content

Your Account Isn't Verified!

In order to create a playlist on Sporcle, you need to verify the email address you used during registration. Go to your Sporcle Settings to finish the process.

Report this User

Report this user for behavior that violates our Community Guidelines.

Details: